00719nam a2200193 a 450000100100000000500170001000800410002704000250006808200220009324500640011526000560017930000210023549000260025650000710028260000340035365100570038765100550044483000260049900001774720240302073956.0100331s1986 cu 000 0 spa d aDO-SdBNPbspacBNPHU a923.57293bG633ma00aMáximo Gómez /cselección de textos Salvador Morales. aLa Habana :bEditorial de Ciencias Sociales,c1986. a249 p. ;c24 cm.1 aEdiciones Políticas aIncluye referencias bibliográficas notas al pie de las páginas10aGómez, Máximo,d1836-1905 4aCubaxHistoriayGUERRA DE LOS DIEZ AÑOS, 1868-1878 4aCubaxHistoriayGUERRA DE INDEPENDENCIA, 1895-1898 0aEdiciones Políticas